000 00417ntaaa2200169 4500
003 01
005 20251027201556.0
008 0714s1973 ag 01
040 _aAR-BaBN
_bspa
_cAR-BaBN
_eaacr
_dRIC
082 _a230.0000 G89
100 _aGrose, George Richmond
_914389
245 _aOutlook for Religion
250 _a1 ed. :
_bJennings and Graham,
_cc/913
300 _a137 p.
650 _aTeologĂ­a
942 _cBK
999 _c10351
_d10351